| 000 | 02096cam a22004574i 4500 | ||
|---|---|---|---|
| 003 | PE-LiUPU | ||
| 005 | 20250731172956.0 | ||
| 008 | 150623s1998 miu rb 000 0 eng d | ||
| 020 | _a0801021863 | ||
| 035 | _a(Sirsi) i9780801021862 | ||
| 040 |
_aPE-LiUPU _bspa _cPE-LiUPU _erda |
||
| 049 | _aPRUA | ||
| 082 | 0 | 4 |
_a232.901 _bB85 _221 |
| 100 | 1 |
_aBruggen, Jakob van, _eautor. |
|
| 245 | 1 | 0 |
_aChrist on earth : _bthe gospel narratives as history / _cJakov van Bruggen. |
| 264 | 1 |
_aMichigan : _bBaker Books, _c1998. |
|
| 300 |
_a320 páginas ; _c23 centímetros |
||
| 336 |
_atext _2rdacontent |
||
| 337 |
_aunmediated _2rdamedia |
||
| 338 |
_avolume _2rdacarrier |
||
| 504 | _aIncluye bibliografía. | ||
| 505 | 0 | _aThe sources for a history of Jesus life -- Four gospel-one history -- The periods of Jesus's life on earth -- Birth and youth in Joseph's house -- Jesu´s brothers and sisters -- John the Baptist and Jesus -- The Galilean period in the gospels -- Galilee (I) from the return to galilee to the appointement of the twelve -- Galilee (II) from the sermon on the mount to the commissioning of the twelve -- Galilee (III): preparation for the passion -- Through Pperea and Judea -- The ascent to Jjerusalen -- The last passover meal -- Was the sanhedrin allowed to carry out a death sentence? -- The plan to kill Jesus by cunning -- The Good friday of suffering and death. | |
| 526 | _aSEG42 | ||
| 526 | _aSEG41 | ||
| 526 | _aSEG40 | ||
| 526 | _aSEG39 | ||
| 526 | _aP94 | ||
| 526 | _aP87 | ||
| 526 | _aP86 | ||
| 526 | _aP85 | ||
| 526 | _aP77 | ||
| 526 | _aP76 | ||
| 526 | _aP35 | ||
| 600 | 1 | _aJesucristo | |
| 942 |
_2ddc _cBOOK |
||
| 949 |
_a232.901 B85 _wDEWEY _c1 _i45333 _lCCODEBUL1 _mBUL _r0 _sY _tBOOK _u2015-6-24 _xTEOLOGIA _PP35 _0COMPRA _o.STAFF. Colección Teología |
||
| 994 |
_aC0 _bPEPRU |
||
| 596 | _a1 | ||
| 999 |
_a232.901 B85 _wDEWEY _c22194 _i45333 _f2021-11-10 _g5 _lCCODEBUL1 _mBUL _p20.00 _r0 _sY _tBOOK _u2015-6-24 _xTEOLOGIA _PP35 _0COMPRA _o.STAFF. Colección Teología _d22194 |
||
| 980 |
_81 _gALBERTO SANCHEZ Responsable de Automatización |
||